<?xml version="1.0" encoding="UTF-8"?>
<record
    xmlns:xsi="http://www.w3.org/2001/XMLSchema-instance"
    xsi:schemaLocation="http://www.loc.gov/MARC21/slim http://www.loc.gov/standards/marcxml/schema/MARC21slim.xsd"
    xmlns="http://www.loc.gov/MARC21/slim">

  <leader>01209nam a2200277 a 4500</leader>
  <controlfield tag="001">000022074</controlfield>
  <controlfield tag="005">20240502132913.0</controlfield>
  <controlfield tag="008">100916s1997    dr a          001 0dspa d</controlfield>
  <datafield tag="040" ind1=" " ind2=" ">
    <subfield code="a">DO-SdBNP</subfield>
    <subfield code="b">spa</subfield>
    <subfield code="c">BNPHU</subfield>
  </datafield>
  <datafield tag="082" ind1=" " ind2=" ">
    <subfield code="a">232</subfield>
    <subfield code="b">M516j, 1997</subfield>
  </datafield>
  <datafield tag="100" ind1="1" ind2=" ">
    <subfield code="a">Mej&#xED;a Vallejo, Fausto Ram&#xF3;n</subfield>
    <subfield code="9">20492</subfield>
  </datafield>
  <datafield tag="245" ind1="1" ind2="0">
    <subfield code="a">Jesucristo evangelio viviente del Padre /</subfield>
    <subfield code="c">Fausto Ram&#xF3;n Mej&#xED;a Vallejo, Jos&#xE9; Salvador Mej&#xED;a ; pr&#xF3;logo Mateo Andr&#xE9;s.</subfield>
  </datafield>
  <datafield tag="250" ind1=" " ind2=" ">
    <subfield code="a">2&#xAA; ed.</subfield>
  </datafield>
  <datafield tag="260" ind1=" " ind2=" ">
    <subfield code="a">Santo Domingo :</subfield>
    <subfield code="b">MSC,</subfield>
    <subfield code="c">1997.</subfield>
  </datafield>
  <datafield tag="300" ind1=" " ind2=" ">
    <subfield code="a">173 p. :</subfield>
    <subfield code="b">il. ;</subfield>
    <subfield code="c">22 cm.</subfield>
  </datafield>
  <datafield tag="505" ind1="0" ind2=" ">
    <subfield code="g">Pr&#xF3;logo /</subfield>
    <subfield code="t">Mateo Andr&#xE9;s --</subfield>
    <subfield code="t">Introducci&#xF3;n: Jes&#xFA;s evangelizador --</subfield>
    <subfield code="t">Preparando la llegada del Mes&#xED;as --</subfield>
    <subfield code="t">El nacimiento de Cristo-Mes&#xED;as --</subfield>
    <subfield code="t">&#xBF;Quien es Jesucristo? --</subfield>
    <subfield code="t">El proceder de Jes&#xFA;s --</subfield>
    <subfield code="t">La finalidad de Jes&#xFA;s: El Reino --</subfield>
    <subfield code="t">El sentido liberador de Jes&#xFA;s --</subfield>
    <subfield code="t">Jes&#xFA;s contin&#xFA;a en el tiempo.</subfield>
  </datafield>
  <datafield tag="590" ind1=" " ind2=" ">
    <subfield code="a">Inventariado, 2018/BT</subfield>
  </datafield>
  <datafield tag="600" ind1="1" ind2="4">
    <subfield code="a">JESUCRISTO</subfield>
    <subfield code="9">444</subfield>
  </datafield>
  <datafield tag="600" ind1="1" ind2="4">
    <subfield code="a">JESUCRISTO-DIVINIDAD</subfield>
    <subfield code="9">45728</subfield>
  </datafield>
  <datafield tag="600" ind1="1" ind2="4">
    <subfield code="a">ESP&#xCD;RITU SANTO</subfield>
    <subfield code="9">45729</subfield>
  </datafield>
  <datafield tag="650" ind1=" " ind2="0">
    <subfield code="a">Cristianismo</subfield>
    <subfield code="9">885</subfield>
  </datafield>
  <datafield tag="650" ind1=" " ind2="4">
    <subfield code="a">Escatolog&#xED;a</subfield>
    <subfield code="9">45730</subfield>
  </datafield>
  <datafield tag="700" ind1="1" ind2=" ">
    <subfield code="a">Mej&#xED;a, Jos&#xE9; Salvador</subfield>
    <subfield code="9">45731</subfield>
  </datafield>
  <datafield tag="700" ind1="1" ind2=" ">
    <subfield code="a">Andr&#xE9;s, Mateo,</subfield>
    <subfield code="e">pr&#xF3;l.</subfield>
    <subfield code="9">7205</subfield>
  </datafield>
  <datafield tag="910" ind1=" " ind2=" ">
    <subfield code="a">Validado. Control de calidad. EMS</subfield>
  </datafield>
  <datafield tag="952" ind1=" " ind2=" ">
    <subfield code="0">0</subfield>
    <subfield code="1">0</subfield>
    <subfield code="7">1</subfield>
    <subfield code="8">PD</subfield>
    <subfield code="a">PD</subfield>
    <subfield code="b">PD</subfield>
    <subfield code="c">HD</subfield>
    <subfield code="d">2010-09-16</subfield>
    <subfield code="i">LF1</subfield>
    <subfield code="l">0</subfield>
    <subfield code="o">232 M516j, 1997</subfield>
    <subfield code="p">22074-10</subfield>
    <subfield code="r">2020-06-25</subfield>
    <subfield code="w">2020-06-25</subfield>
    <subfield code="y">LFPD</subfield>
    <subfield code="Z">No se presta</subfield>
  </datafield>
  <datafield tag="999" ind1=" " ind2=" ">
    <subfield code="c">21572</subfield>
    <subfield code="d">21572</subfield>
  </datafield>
</record>
